[Rezension von: Raulff, Ulrich, Kreis ohne Meister]

Gespeichert in:
Bibliographische Detailangaben
Veröffentlicht in:Sehepunkte 10(2010), 5
VerfasserIn: Doering-Manteuffel, Anselm (VerfasserIn)
Mitwirkende: Raulff, Ulrich (VerfasserIn des Bezugswerks)
Dokumenttyp: Online-Ressource Aufsatz
Sprache:German
Veröffentlicht: 2010
Schlagwörter:
Online Zugang:kostenfrei
Bibliogr. Hinweis:Enthalten in: Sehepunkte
Erscheint auch als: [Rezension von: Raulff, Ulrich, Kreis ohne Meister]
Rezension von: Kreis ohne Meister
Verantwortlich:Anselm Doering-Manteuffel
LEADER 01816naa a2200349 c 4500
001 1883483638
003 DE-627
005 20240315091625.0
007 cr uuu---uuuuu
008 240315s2010 xx |||||oo 00| ||ger c
035 |a (DE-627)1883483638 
035 |a (DE-599)KXP1883483638 
040 |a DE-627  |b ger  |c DE-627  |e rda 
041 |a ger 
100 1 |a Doering-Manteuffel, Anselm  |d 1949-  |e VerfasserIn  |0 (DE-588)121477487  |0 (DE-627)081333153  |0 (DE-576)160757584  |4 aut 
245 1 0 |a [Rezension von: Raulff, Ulrich, Kreis ohne Meister]  |c Anselm Doering-Manteuffel 
264 1 |c 2010 
336 |a Text  |b txt  |2 rdacontent 
337 |a Computermedien  |b c  |2 rdamedia 
338 |a Online-Ressource  |b cr  |2 rdacarrier 
655 7 |a Rezension  |0 (DE-588)4049712-4  |0 (DE-627)106186019  |0 (DE-576)209083166  |2 gnd-content 
700 1 |a Raulff, Ulrich  |d 1950-  |e VerfasserIn des Bezugswerks  |0 (DE-588)115860614  |0 (DE-627)077518616  |0 (DE-576)164151877  |4 ant 
773 0 8 |i Enthalten in  |t Sehepunkte  |d München : Ludwig-Maximilians-Univ., 2001  |g 10(2010), 5  |h Online-Ressource  |w (DE-627)33678273X  |w (DE-600)2062440-2  |w (DE-576)117978736  |x 1618-6168  |7 nnas 
773 1 8 |g volume:10  |g year:2010  |g number:5 
776 0 8 |i Erscheint auch als  |n Druck-Ausgabe  |a Doering-Manteuffel, Anselm, 1949 -   |t [Rezension von: Raulff, Ulrich, Kreis ohne Meister]  |d München : [Verlag nicht ermittelbar], 2010  |w (DE-627)1883484138 
787 0 8 |i Rezension von  |a Raulff, Ulrich, 1950 -   |t Kreis ohne Meister  |d München : Beck, 2009  |h 544 S.  |w (DE-627)596061226  |w (DE-576)30722757X  |z 9783406592256  |z 3406592252 
856 4 0 |u https://www.sehepunkte.de/2010/05/16292.html  |x Verlag  |z kostenfrei  |7 0 
935 |a StGB 
951 |a AR 
994 |u https://www.sehepunkte.de/2010/05/16292.html 
991 |a Rezension (Monographie, Zeitschrift, Aufsatz) 
999 |a KXP-PPN1883483638  |e 4978567963